000 00918nam a22001817a 4500
999 _c64134
_d64134
003 Ge_BSU
005 20260415112721.0
008 260415s1964 ge ||||| |||| 00| 0 geo d
041 _ageo
080 _a331.103:338.45 ძ-71
100 _aძნელაძე, დავით
_9898
245 _aშრომისა და ხელფასის ორგანიზაცია სამრეწველო საწარმოებში /
_cდავით ძნელაძე.
264 _aთბილისი :
_bსაბჭ. საქართველო,
_c1964.
300 _a146 გვ. :
_bცხრილ. ;
_c20 სმ.
653 _aშრომის ორგანიზაცია სამრეწველო საწარმოებში
653 _aხელფასი სამრეწველო საწარმოებში
942 _2udc
_cᲬᲘᲒᲜᲘ